<?xml version="1.0" encoding="UTF-8"?>
<record
    xmlns:xsi="http://www.w3.org/2001/XMLSchema-instance"
    xsi:schemaLocation="http://www.loc.gov/MARC21/slim http://www.loc.gov/standards/marcxml/schema/MARC21slim.xsd"
    xmlns="http://www.loc.gov/MARC21/slim">

  <leader>00437nam a2200157Ia 4500</leader>
  <controlfield tag="008">230718s9999    xx            000 0 und d</controlfield>
  <datafield tag="041" ind1=" " ind2=" ">
    <subfield code="a">eng</subfield>
  </datafield>
  <datafield tag="082" ind1=" " ind2=" ">
    <subfield code="a">621.99</subfield>
    <subfield code="b">ELA</subfield>
  </datafield>
  <datafield tag="100" ind1=" " ind2=" ">
    <subfield code="a">Elanchezhian C.</subfield>
  </datafield>
  <datafield tag="245" ind1=" " ind2=" ">
    <subfield code="a">Design Of Jigs ,Fixtures And Press Tools</subfield>
  </datafield>
  <datafield tag="260" ind1=" " ind2=" ">
    <subfield code="b">Eswar Press</subfield>
  </datafield>
  <datafield tag="300" ind1=" " ind2=" ">
    <subfield code="a">438</subfield>
  </datafield>
  <datafield tag="365" ind1=" " ind2=" ">
    <subfield code="c">Rs.</subfield>
    <subfield code="b">245.00</subfield>
  </datafield>
  <datafield tag="700" ind1=" " ind2=" ">
    <subfield code="a">Elanchezhian C.; Selwyn J. S. &amp; Ramanath B.V.</subfield>
    <subfield code="9">190185</subfield>
  </datafield>
  <datafield tag="906" ind1=" " ind2=" ">
    <subfield code="d">B:574601-Sep-2008</subfield>
    <subfield code="c">MECH</subfield>
    <subfield code="b">49</subfield>
  </datafield>
  <datafield tag="999" ind1=" " ind2=" ">
    <subfield code="c">319582</subfield>
    <subfield code="d">319582</subfield>
  </datafield>
  <datafield tag="952" ind1=" " ind2=" ">
    <subfield code="0">0</subfield>
    <subfield code="1">0</subfield>
    <subfield code="4">0</subfield>
    <subfield code="7">0</subfield>
    <subfield code="a">CCEP</subfield>
    <subfield code="b">CCEP</subfield>
    <subfield code="d">2008-11-10</subfield>
    <subfield code="e">Tbs</subfield>
    <subfield code="f">MECH</subfield>
    <subfield code="g">196.00</subfield>
    <subfield code="i">5746</subfield>
    <subfield code="l">1</subfield>
    <subfield code="o">621.99</subfield>
    <subfield code="p">CCEP-BK-30789</subfield>
    <subfield code="r">2026-03-27 12:42:36</subfield>
    <subfield code="s">2026-03-12</subfield>
    <subfield code="t">49</subfield>
    <subfield code="v">245.00</subfield>
    <subfield code="w">2008-09-01</subfield>
    <subfield code="y">BK</subfield>
    <subfield code="z">030789</subfield>
  </datafield>
</record>
